La solución de conflictos en la escuela, una guía práctica para maestros
Збережено в:
| Автор: | |
|---|---|
| Формат: | Книга |
| Мова: | Іспанська |
| Опубліковано: |
Bogotá
Magisterio
2006
|
| Предмети: | |
| Теги: |
Додати тег
Немає тегів, Будьте першим, хто поставить тег для цього запису!
|
MARC
| LEADER | 00000nam a2200000 a 4500 | ||
|---|---|---|---|
| 001 | UCI1184 | ||
| 003 | CL-VaPUC | ||
| 008 | 070622e20060000CK |||||||||||||||||spa|d | ||
| 020 | |a 9582004568 | ||
| 082 | 0 | 4 | |a 370.153 |b SAL |2 21 |
| 100 | 0 | |a Salm, Randall |e author |9 521518 | |
| 245 | 1 | 3 | |a La solución de conflictos en la escuela, una guía práctica para maestros |
| 300 | |a 173 p | ||
| 942 | |c BK | ||
| 945 | |d 20070622 00:00:00 |a jtorresc | ||
| 260 | |a Bogotá |b Magisterio |c 2006 | ||
| 650 | 7 | |a RELACION DOCENTE ALUMNO |2 CL-VaPUC |9 307734 | |
| 650 | 0 | |a Planificación de la educación |9 307333 | |
| 650 | 0 | |a Relaciones humanas |9 307340 | |
| 650 | 0 | |a Relaciones interpersonales |9 307056 | |
| 650 | 0 | |a Gestión educacional |9 261035 | |
| 650 | 7 | |a SISTEMAS ESCOLARES |2 CL-VaPUC |9 366271 | |
| 583 | |a last modification |c 20070622 00:00:00 |k Rodrigo Vera | ||
| 999 | |c 326025 |d 326023 | ||
| 952 | |0 0 |1 0 |4 0 |6 370_153000000000000_SAL_2006 |7 0 |8 A |9 407638 |a BIBEDU |b BIBEDU |d 2019-11-22 |i 4346734 |o 370.153 SAL 2006 |p 4346734 |r 2019-11-22 |w 2019-11-22 |y BK |k EBA | ||